Modern Gujarati poetry (Record no. 988760)

MARC details
000 -LEADER
fixed length control field 00740nam a2200277Ia 4500
003 - CONTROL NUMBER IDENTIFIER
control field OSt
005 - DATE AND TIME OF LATEST TRANSACTION
control field 20221005082126.0
008 - FIXED-LENGTH DATA ELEMENTS--GENERAL INFORMATION
fixed length control field GUJ
020 ## - INTERNATIONAL STANDARD BOOK NUMBER
International Standard Book Number 8126002948
037 ## - SOURCE OF ACQUISITION
Terms of availability Textual
040 ## - CATALOGING SOURCE
Original cataloging agency CRL
Transcribing agency CRL
Language of cataloging GUJ
041 ## - LANGUAGE CODE
Source of code GUJ
Language code of text/sound track or separate title GUJ
100 ## - MAIN ENTRY--PERSONAL NAME
Personal name Ramanatban Suguna
9 (RLIN) 611577
245 #0 - TITLE STATEMENT
Title Modern Gujarati poetry
Remainder of title A selection
260 ## - PUBLICATION, DISTRIBUTION, ETC.
Place of publication, distribution, etc. New Delhi
Name of publisher, distributor, etc. Sahitya Akademi India
Date of publication, distribution, etc. 1998
300 ## - PHYSICAL DESCRIPTION
Extent 85p.
Dimensions cm.
650 ## - SUBJECT ADDED ENTRY--TOPICAL TERM
Topical term or geographic name entry element GUJRATI LITERATURE
650 ## - SUBJECT ADDED ENTRY--TOPICAL TERM
Topical term or geographic name entry element GUJRATI LITERATURE
700 ## - ADDED ENTRY--PERSONAL NAME
Personal name Kotbari Rita
9 (RLIN) 611578
942 ## - ADDED ENTRY ELEMENTS (KOHA)
Classification part O156,1xN, 111N8
Koha item type Textual
Source of classification or shelving scheme
Holdings
Withdrawn status Lost status Damaged status Not for loan Home library Current library Date acquired Total Checkouts Full call number Barcode Date last seen Price effective from Koha item type
        Central Library Central Library 2022-10-05   O156,1xN 111N8 CL1047740 2022-10-05 2022-10-05 Textual
Copyright @ Delhi University Library System